Регионална библиотека "Любен Каравелов" - Русе

За любовта и други демони (Запис номер 20603)

MARC детайли
000 -Лидер
Контролно поле с фиксирана дължина 01226nam a2200301 c 4500
003 - Код на организацията, давaща контролен номер
Контролно поле BLK
005 - Дата и час на последна редакция
Контролно поле 20180420215610.0
008 - Елементи от данни с фиксирана дължина
fixed length control field 180413b bul|||||r ||||||| ||bul||
010 ## - Наследен системен номер
LC control number KNG00022837000
020 ## - Международен стандартен номер на книга ISBN
Международен стандартен номер на книга ISBN 954-04-0117-8
-- издат.: Нар. култура
040 ## - Източник на каталожния запис
Идентификатор на билиотеката - собственик на записа BLK
041 ## - Код за език
Код за езика на текст/звукозапис или на отделно заглавие Български
Код за езика КДБФ Български
080 ## - УДК
Текстов определител УДК Колумбийска литература
УДК код - определител по УДК 821.134.2(861)
УДК определител -31
УДК - код + определител 821.134.2(861)-31
100 1# - Редна дума - Автор
Автор Гарсия Маркес, Габриел
Авторска отговорност първи автор
R(LIN) 242204
139 ## - Редно поле
Редна дума Гарсия Маркес, Габриел
Авторски знак Гар - Г 23
245 10 - Сведения за заглавието
Заглавие За любовта и други демони
Подзаглавни данни Роман
Редно поле (дума) Габриел Гарсия Маркес; прев. от исп. Лъчезар Мишев.
257 ## - Страна на издаване
Страна на създаване/издаване Колумбия
260 ## - Област на издателските данни
-- София
Име на издателя, разпространителя и проч. Нар. култура
Година на издаване 1998
Печатница София : Офсетграфик
300 ## - Физическа характеристика
Страници 150 с.
Илюстрации и др. с портр.
Размери/Мащаб 20 см
380 ## - Жанр
Жанр Худож. лит.
500 ## - Общи забележки
Забележка Ориг. загл. Amore e otros demonios / Gabriel Garcia Marquez .
700 1# - Други автори (авторска отговорност)
Лично име Мишев, Лъчезар
Автороска отговорност (Описва отношението между автора и произведението) прев. от исп.
9 (RLIN) 264948
852 ## - Местоположение
Форматна сигнатура Цб 196197
856 4# - Електронен адрес и достъп
Електронен формат pdf - файл
Път до файла /url/
856 4# - Електронен адрес и достъп
Електронен формат pdf - файл
Път до файла /url/
942 ## - АРТИКУЛИ
Вид на библиотечния материал Книги
Скрит в OPAC Не
944 ## - СЪЗДАВАНЕ И РЕДАКЦИЯ на ЗАПИСА
Създаване/Редакция Създаване
Дата на регистрацията/редакция 15.01.2003
Служител, извършил регистрацията/редакцията AB_DOS
944 ## - СЪЗДАВАНЕ И РЕДАКЦИЯ на ЗАПИСА
Създаване/Редакция Редакция
Дата на регистрацията/редакция 14.02.2017
Служител, извършил регистрацията/редакцията Христина_Везирева
999 ## - СИСТЕМНИ КОНТРОЛНИ НОМЕРА
Koha biblionumber 20603
Koha biblioitemnumber 20603
Наличности
Код за отписване Код за изгубен артикул Източник на класификационната схема Код за повреда Коз за рестрикции Код за отдаване Артикулен № Име на библиотеката - собственик Име на библиотеката, в която се намира в момента Статус (Текущо местоположение) Дата на вписване в системата Местоположение - отдел Цена в лева Инвентарен номер Систематично азбучна сигнатура Баркод Номер на екземпляра Цена в евро Служебен тип на артикула
Изтеглен Не е изгубен Universal Decimal Classification Не е повреден без рестрикции заемане за дома 34132 Регионална библиотека "Любен Каравелов" Русе Регионална библиотека "Любен Каравелов" Русе Заемна - подръчен фонд 2001-01-01 Заемна - подръчен фонд 4.40 639015 П 860(7/8)-31/Г 23 639015 1 2.25 Книги
Изтеглен Не е изгубен Universal Decimal Classification Не е повреден без рестрикции заемане за дома 34133 Регионална библиотека "Любен Каравелов" Русе Регионална библиотека "Любен Каравелов" Русе Заемна - подръчен фонд 2001-01-01 Заемна - подръчен фонд 4.40 639016 П 860(7/8)-31/Г 23 639016 2 2.25 Книги
  Не е изгубен Universal Decimal Classification Не е повреден без рестрикции ползва се в читалня 34134 Регионална библиотека "Любен Каравелов" Русе Регионална библиотека "Любен Каравелов" Русе Хранилище 2001-01-01 Хранилище 0.00 641137 Цб 196197 120000641137 3 0.00 Книги
Vip Innovations Ltd, Rousse, Bulgaria 2025